000
00282nam a2200121Ia 4500
005
20251222143249.0
008
251222s9999||||xx |||||||||||||| ||spa||
082
_a
791.437/D95
100
_a
Dreyer, Carl T.
245
0
_a
Juana de Arco, Dies Irae
264
_b
Alianza
942
_c
LIB
999
_c
14875
_d
14875